[Event "10th Open"]
[Site "Bad Zwesten GER"]
[Date "2006.01.05"]
[Round "6"]
[White "Krallmann,M"]
[Black "Boksinski,J"]
[Result "1-0"]
[WhiteElo "2263"]
[BlackElo "2032"]

1.d4 f5 2.g3 Nf6 3.Bg2 g6 4.Nf3 Bg7 5.O-O O-O 6.c4 d6 7.Nc3 Qe8 8.Re1 c6
9.e4 fxe4 10.Nxe4 Nxe4 11.Rxe4 Bf5 12.Re3 Nd7 13.h3 Qf7 14.g4 Be6 15.b3 Bh6
16.Re2 Bxc1 17.Qxc1 Qf6 18.g5 Qf5 19.Nh4 Qf4 20.Qxf4 Rxf4 21.Rxe6 Rxh4 22.Rxe7 Rd8
23.Rd1 Rf4 24.Rd3 Rf5 25.h4 Rf4 26.Bh3 Nf8 27.Rxb7 Rxh4 28.Rxa7 Re8 29.Rc7 d5
30.Rxc6 Rh5 31.f4 Rh4 32.cxd5 Rxf4 33.Be6+ Nxe6 34.dxe6 Rg4+ 35.Kf2 Rxg5
36.d5 Rf8+ 37.Ke3 h5 38.Rc4 Rd8 39.e7 Rg3+ 40.Ke4 Rg4+ 41.Ke5  1-0

[Event "10th Open"]
[Site "Bad Zwesten GER"]
[Date "2006.01.06"]
[Round "7"]
[White "Philippe,C"]
[Black "Kummerow,H"]
[Result "1-0"]
[WhiteElo "2384"]
[BlackElo "2285"]

1.d4 f5 2.g3 Nf6 3.Bg2 g6 4.Nf3 Bg7 5.O-O O-O 6.c4 d6 7.Nc3 Qe8 8.d5 a5 9.e4 fxe4
10.Ng5 Na6 11.Ncxe4 Nxe4 12.Nxe4 Bd7 13.Qc2 c6 14.Re1 Nc7 15.Bd2 a4 16.Bc3 Bxc3
17.bxc3 h6 18.Qd2 Qf7 19.Qxh6 Qg7 20.Qxg7+ Kxg7 21.Ng5 Rfe8 22.Rab1 Ra7 23.h4 cxd5
24.cxd5 Na6 25.Re3 Bf5 26.Rbe1 Kf6 27.Re6+ Kg7 28.Rxe7+ Rxe7 29.Rxe7+ Kf8
30.Rf7+ Kg8 31.h5  1-0

[Event "2nd Bundesliga Ost 2005-6"]
[Site "Austria AUT"]
[Date "2006.01.14"]
[Round "5"]
[White "Lovrinovic,C"]
[Black "Sulyok,M"]
[Result "1/2-1/2"]
[WhiteElo "2184"]
[BlackElo "2205"]

1.d4 f5 2.Nf3 Nf6 3.g3 g6 4.Bg2 Bg7 5.O-O O-O 6.c4 d6 7.Nc3 Qe8 8.d5 a5 9.Ng5 Na6
10.e4 h6 11.Ne6 Bxe6 12.dxe6 Nxe4 13.Nxe4 fxe4 14.Bxe4 Nc5 15.Bg2 c6 16.Qe2 g5
17.Bh3 Qg6 18.f4 gxf4 19.Bxf4 Nd3 20.Kh1 Nxf4 21.gxf4 Qf6 22.Rab1 Qh4  1/2-1/2

[Event "TCh-FIN 2005-6"]
[Site "Turku FIN"]
[Date "2006.01.14"]
[Round "6"]
[White "Holmsten,A"]
[Black "Sammalvuo,T"]
[Result "1/2-1/2"]
[WhiteElo "2405"]
[BlackElo "2459"]

1.Nf3 f5 2.g3 Nf6 3.Bg2 g6 4.O-O Bg7 5.d4 O-O 6.c4 d6 7.Nc3 Qe8 8.e4 fxe4
9.Ng5 Nc6 10.Be3 Bg4 11.Qd2 e5 12.d5 Nd4 13.Bxd4 exd4 14.Qxd4 Bf5 15.Rae1 h6
16.Ne6 Bxe6 17.dxe6 Qxe6 18.Nxe4 Nxe4 19.Qxe4 Qxe4 20.Bxe4 Kh7 21.b3 c6 22.f4 Rae8
23.f5 Bd4+ 24.Kg2 gxf5 25.Bxf5+ Kg7 26.Rxe8 Rxe8 27.Bg4 Bf6 28.Rd1 Rd8 29.Bf3 a5
30.Rd3 Be5 31.Bh5 Rd7 32.Bg4 Rd8 33.Bh5 Ra8 34.Rf3 Bf6 35.Re3 Rd8 36.Re8 Rd7
37.Bg4 Rc7 38.Re6 d5 39.cxd5 cxd5 40.Rd6 d4 41.Bf5 Re7 42.Kf3 Re3+ 43.Kf2 Re5
44.Rd7+ Re7 45.Kf3 Rxd7 46.Bxd7 Be7 47.Ke4 Bc5 48.g4 Kf6 49.h4 b6 50.Bb5 Kg6
51.Bd3 Kf6 52.Kd5 Kf7 53.g5 hxg5 54.hxg5 Kg7 55.Ke6 Ba3 56.Kd5 Bc5 57.Kc6 Kf7
58.Kd5 Kg7 59.Ke6 Ba3 60.Kd5 Bc5 61.Ke6 Ba3 62.Kd5 Bc5 63.Ke6 Ba3 64.Kd5 Bc5
65.Ke6 Ba3 66.Kd5 Bc5 67.Ke6  1/2-1/2

[Event "Open A"]
[Site "Prague CZE"]
[Date "2006.01.16"]
[Round "5"]
[White "Clery,N"]
[Black "Golcman,E"]
[Result "1/2-1/2"]
[WhiteElo "2254"]
[BlackElo "2311"]

1.d4 f5 2.g3 g6 3.Bg2 Bg7 4.c4 Nf6 5.Nf3 O-O 6.O-O d6 7.Nc3 Nc6 8.d5 Na5
9.Qa4 c5 10.dxc6 Nxc6 11.Rd1 Qa5 12.Qxa5 Nxa5 13.Nd5 Nxd5 14.cxd5 Bd7 15.Nd4 Nc4
16.b3 Nb6 17.a4 Rac8 18.Be3 Na8 19.Rac1 a6 20.Ne6 Rxc1 21.Rxc1 Rc8 22.Rxc8+ Bxc8
23.Nxg7 Kxg7 24.Kf1 b5 25.axb5 axb5 26.Ke1 Bb7 27.Kd2 Nc7 28.Kc3 Bxd5 29.Bb6  1/2-1/2

[Event "Classic"]
[Site "Queenstown NZL"]
[Date "2006.01.17"]
[Round "3"]
[White "Lukey,S"]
[Black "Lane,G"]
[Result "1-0"]
[WhiteElo "2286"]
[BlackElo "2445"]

1.d4 f5 2.Nf3 Nf6 3.g3 g6 4.Bg2 Bg7 5.O-O O-O 6.c4 d6 7.Nc3 Qe8 8.d5 a5 9.Nd4 Na6
10.Rb1 Nc5 11.b3 Bd7 12.a3 c6 13.b4 axb4 14.axb4 Nce4 15.Nxe4 Nxe4 16.Bb2 Qf7
17.Qd3 Ra4 18.dxc6 bxc6 19.Nc2 Bxb2 20.Rxb2 Be6 21.Ne3 c5 22.b5 Bxc4 23.Qc2 Bxb5
24.Rxb5 Ra2 25.Rb2 Rfa8 26.Rfb1 Rxb2 27.Qxb2 Ra2 28.Qb8+ Kg7 29.Bxe4 fxe4
30.Rb2 Ra1+ 31.Kg2 Re1 32.Rd2 Rxe2 33.Qb2+  1-0

[Event "Open A"]
[Site "Prague CZE"]
[Date "2006.01.19"]
[Round "8"]
[White "Vokac,M"]
[Black "Golcman,E"]
[Result "1-0"]
[WhiteElo "2445"]
[BlackElo "2311"]

1.d4 f5 2.g3 Nf6 3.Bg2 g6 4.Nf3 Bg7 5.O-O O-O 6.c4 d6 7.Nc3 Nc6 8.d5 Na5
9.Nd2 c5 10.Qc2 Bd7 11.b3 a6 12.Bb2 b5 13.Rab1 Rb8 14.Ba1 Qc7 15.e3 Rfc8
16.h3 Rb6 17.Rfc1 Qa7 18.Ne2 Rcb8 19.Bc3 b4 20.Bb2 Nb7 21.e4 fxe4 22.Nxe4 Rf8
23.g4 Nd8 24.Re1 Rb8 25.N2g3 Nf7 26.Re2 Rbe8 27.Rbe1 Nxe4 28.Rxe4 Bxb2 29.Qxb2 Ne5
30.Qe2 g5 31.Rxe5 dxe5 32.Qxe5 h6 33.Nh5 Rf7 34.d6 Qb6 35.Bd5 e6 36.Be4 Ref8
37.Bg6 Qd8 38.Bxf7+ Rxf7 39.Qxc5 Qa8 40.Re3 Qf8 41.Re1 Qa8 42.Qe3 Qc6 43.Qd3 Qf3
44.Qg6+ Kf8 45.Qxh6+ Ke8 46.Qh8+ Rf8 47.Qg7 Rf7 48.Qg8+ Rf8 49.Qxg5 Rf7 50.Qg8+ Rf8
51.Ng7+  1-0

[Event "Open"]
[Site "Zagreb CRO"]
[Date "2006.01.19"]
[Round "6"]
[White "Martinus,M"]
[Black "Bozanic,I"]
[Result "0-1"]
[WhiteElo "2069"]
[BlackElo "2239"]

1.d4 f5 2.g3 Nf6 3.Nf3 g6 4.Bg2 Bg7 5.O-O O-O 6.c4 d6 7.Nc3 Nc6 8.Rb1 e5
9.dxe5 dxe5 10.Be3 e4 11.Nd4 Ne5 12.h3 Qe7 13.Qb3 Qf7 14.c5 Nc4 15.Nc2 c6
16.Rfd1 Be6 17.Qa4 Nd5 18.Nxd5 Bxd5 19.Bd4 b5 20.Qa6 f4 21.g4 f3 22.exf3 exf3
23.Bf1 Ne5 24.Ne3 Bxa2 25.Ra1 Bb3 26.Rd2 Rad8 27.Bc3 Rxd2 28.Bxd2 Qd7 29.Bc3 Rf7
30.Qa3 Be6 31.Rd1 Qc8 32.Qa5 Rd7 33.Rd6 Rxd6 34.cxd6 Qd7 35.Qa3 h5 36.Qc5 Nf7
37.Bxg7 Kxg7 38.gxh5 Qxd6 39.Qc3+ Qe5 40.Qxc6 gxh5 41.Qxf3 Ng5 42.Qb7+ Kf6
43.Qxb5 Nxh3+ 44.Kg2 Qe4+ 45.Kh2  0-1

[Event "2nd Armenian Clubs"]
[Site "Yerevan ARM"]
[Date "2006.01.20"]
[Round "3"]
[White "Anastasian,A"]
[Black "Mkrtchian,S"]
[Result "0-1"]
[WhiteElo "2602"]
[BlackElo "2247"]

1.d4 f5 2.c4 Nf6 3.Nf3 g6 4.g3 Bg7 5.Bg2 O-O 6.O-O d6 7.Nc3 Qe8 8.d5 Na6
9.Be3 Bd7 10.Qd2 Ng4 11.Bf4 Nc5 12.h3 Nf6 13.Nd4 Nfe4 14.Nxe4 Nxe4 15.Qe3 g5
16.Bxg5 Bxd4 17.Qxd4 Nxg5 18.f4 e5 19.dxe6 Nxe6 20.Qd2 Bc6 21.Bd5 Qg6 22.Kh2 Rae8
23.Rae1 Kh8 24.e4 fxe4 25.b4 Ng7 26.g4 Bxd5 27.cxd5 c6 28.Re3 cxd5 29.Qxd5 Qe6
30.Qxe6 Rxe6 31.Kg3 d5 32.Rd1 Rd8 33.f5 Ree8 34.Kf4 Kg8 35.Rd4 Kf7 36.Rc3 Re7
37.Rc5 e3 38.Rc1 e2 39.Re1 Rc8 40.Rxd5 Rc4+ 41.Kg5 Rxb4 42.f6 h6+ 43.Kxh6 Kxf6
44.Rg5 Rb6 45.Rg6+ Kf7 46.Rxb6 axb6 47.h4 Re5 48.Kh7 Nh5 49.g5 Nf4 50.a4 Re6  0-1

[Event "Gibtelecom Masters"]
[Site "Gibraltar ENG"]
[Date "2006.01.29"]
[Round "6"]
[White "Aaberg,A"]
[Black "Kobalia,M"]
[Result "1/2-1/2"]
[WhiteElo "2383"]
[BlackElo "2654"]

1.d4 f5 2.c4 Nf6 3.g3 g6 4.Bg2 Bg7 5.Nf3 O-O 6.O-O d6 7.Nc3 Nc6 8.d5 Ne5
9.Nxe5 dxe5 10.e4 f4 11.gxf4 exf4 12.e5 Ng4 13.e6 Ne5 14.Re1 Nxc4 15.Re4 Nd6
16.Rxf4 b6 17.h4 Bb7 18.h5 Rxf4 19.Bxf4 Qf8 20.Bg3 Qf5 21.hxg6 Qxg6 22.Rc1 Bh6
23.Rc2 Ba6 24.Ne2 Qh5 25.Nc3 Qg6 26.Ne2 Bxe2 27.Qxe2 Nf5 28.Qe4 Nxg3 29.Qxg6+ hxg6
30.fxg3 Be3+ 31.Kh2 Kg7 32.Bf3 Bc5 33.Kg2 Bd6 34.a4 Rf8 35.Be4 Bc5 36.b4 Bxb4
37.Rxc7 a5 38.Rc1 Bd6 39.Bd3 Rh8 40.Rc4 g5 41.Rc1 Kf6 42.Bb5 Ke5 43.Bc6 Kd4
44.Rb1 Bc5 45.Rh1 Rg8 46.Rd1+ Ke5 47.Re1+ Kd6 48.Kf3 g4+ 49.Kf4 Bb4 50.Re2 Ba3
51.Re1 Rg7 52.Kf5 Bc5 53.Re4 Bf2 54.Rxg4 Rxg4 55.Kxg4 Ke5 56.Kf3 Bc5 57.g4  1/2-1/2

[Event "ch-UKR g-20"]
[Site "Lviv UKR"]
[Date "2006.02.03"]
[Round "2"]
[White "Bidkova,V"]
[Black "Muzychuk,M"]
[Result "0-1"]
[WhiteElo "2023"]
[BlackElo "2167"]

1.Nf3 f5 2.d4 Nf6 3.g3 g6 4.Bg2 Bg7 5.c4 O-O 6.O-O e6 7.Nc3 d6 8.Qc2 Nc6
9.Rd1 Qe7 10.e4 fxe4 11.Nxe4 Nxe4 12.Qxe4 e5 13.dxe5 dxe5 14.g4 Qe6 15.h3 Nd4
16.Ng5 Qf6 17.Qd5+ Kh8 18.Ne4 Qb6 19.Rb1 Be6 20.Qc5 Qxc5 21.Nxc5 Bxc4 22.Bxb7 Rad8
23.Bg5 Bf6 24.Bxf6+ Rxf6 25.b3 Be2 26.Rdc1 Bb5 27.Kg2 Rdf8 28.Ne4 Rf4 29.Rb2 Be2
30.Kg1 Bf3 31.Re1 c6 32.Nc5 Bd5 33.Re3 Nf3+ 34.Kf1 Rd4 35.Nd3 Rb8 36.Ba6 Rb6
37.Bc8 e4 38.Nf4 Rd1+  0-1

[Event "TCh-NED 2005-6"]
[Site "Netherlands NED"]
[Date "2006.02.04"]
[Round "6"]
[White "Siebrecht,S"]
[Black "Nijboer,F"]
[Result "1/2-1/2"]
[WhiteElo "2429"]
[BlackElo "2571"]

1.d4 f5 2.g3 Nf6 3.Bg2 g6 4.Nf3 Bg7 5.O-O O-O 6.c4 d6 7.Nc3 Qe8 8.d5 a5 9.Nd4 Na6
10.e4 fxe4 11.Nxe4 Nxe4 12.Bxe4 Bh3 13.Re1 Nc5 14.Bh1 Qf7  1/2-1/2

[Event "13th Open Metalis"]
[Site "Bizovac CRO"]
[Date "2006.02.24"]
[Round "3"]
[White "Kozul,Z"]
[Black "Grunberg,M"]
[Result "0-1"]
[WhiteElo "2600"]
[BlackElo "2416"]

1.d4 f5 2.g3 Nf6 3.Bg2 g6 4.Nf3 Bg7 5.O-O O-O 6.c4 c6 7.Nc3 d6 8.d5 Bd7 9.e4 fxe4
10.Ng5 Na6 11.Ncxe4 Nxe4 12.Nxe4 Nc7 13.Re1 cxd5 14.cxd5 Bf5 15.Qb3 Qd7 16.Ng5 Nb5
17.Ne6 Nd4 18.Nxd4 Bxd4 19.Be3 Bf6 20.Bf1 Rfc8 21.Bb5 Qd8 22.Bd3 Bxd3 23.Qxd3 Bxb2
24.Rab1 Bc3 25.Rec1 Bf6 26.Rxb7 Rxc1+ 27.Bxc1 Qc8 28.Qb1 Qc4 29.Be3 a5 30.Rb5 a4
31.a3 Kf7 32.h4 h5 33.Kg2 Rc8 34.Kh2 Qe2 35.Rb4 Rc4 36.Rb8 Rc2 37.Ra8 Bb2
38.Rxa4 Qd3 39.Rf4+ Kg7 40.Kh3 Qxd5 41.Qe1 Re2 42.Qf1 Bc3 43.Kh2 Ra2  0-1

[Event "22nd Spring Festival Open"]
[Site "Budapest HUN"]
[Date "2006.03.24"]
[Round "2"]
[White "Mitscherling,A"]
[Black "Sondermann,J"]
[Result "1-0"]
[WhiteElo "2247"]
[BlackElo "2144"]

1.d4 f5 2.c4 Nf6 3.Nf3 g6 4.g3 Bg7 5.Bg2 O-O 6.O-O d6 7.d5 c5 8.dxc6 Nxc6
9.Nc3 e5 10.b3 e4 11.Ne1 d5 12.Ba3 Rf7 13.Nc2 Rd7 14.Qe1 d4 15.Na4 d3 16.exd3 exd3
17.Nb4 Nd4 18.Nxd3 Nc2 19.Qe6+ Rf7 20.Qd6 Qxd6 21.Bxd6 Nxa1 22.Rxa1 Rd7 23.c5 Ne4
24.Re1 Nxd6 25.cxd6 Rxd6 26.Nac5 Kf7 27.Nf4 Bc3 28.Rf1 Rb8 29.Nd5 Bd4 30.Rc1 Rc6
31.b4 Bxc5 32.bxc5 b6 33.Re1 Re6 34.Rb1 Bb7 35.Nf4 Be4 36.Rb2 Re5 37.f3 Ba8
38.cxb6 Rxb6 39.Rd2 Ke7 40.Kf2 Ra5 41.Bf1 g5 42.Ne2 Ra3 43.Nd4 Kf6 44.Bc4 Rd6
45.Bb3 Ke5 46.f4+ gxf4 47.gxf4+ Kxf4 48.Ne6+ Ke5 49.Re2+ Be4 50.Ng5 a5 51.Nf7+ Kd4
52.Nxd6 Bd3 53.Rd2 Kc3 54.Rxd3+ Kxd3 55.Nc4 Rxb3 56.axb3 a4 57.Nb2+ Kc3 58.bxa4  1-0

[Event "Mephisto Schloss Open A"]
[Site "Werther GER"]
[Date "2006.04.09"]
[Round "7"]
[White "Tereick,B"]
[Black "Siebrecht,S"]
[Result "0-1"]
[WhiteElo "2226"]
[BlackElo "2429"]

1.Nf3 g6 2.d4 Bg7 3.g3 f5 4.Bg2 Nf6 5.O-O O-O 6.c4 d6 7.b4 Qe8 8.Bb2 h6 9.h4 Ng4
10.Nbd2 e5 11.dxe5 dxe5 12.e4 f4 13.Qe2 Nc6 14.c5 Be6 15.Nc4 Qf7 16.Rac1 Rad8
17.Bh3 Nxb4 18.Ncxe5 Nxe5 19.Nxe5 Bxe5 20.Bxe6 Qxe6 21.Bxe5 Qxe5 22.Qc4+ Kh7
23.Qxb4 fxg3 24.f3 Qf4 25.c6 Qe3+ 26.Kh1 g2+ 27.Kxg2 Rd2+ 28.Kh1 Qf4  0-1

[Event "10th Neckar Open A"]
[Site "Deizisau GER"]
[Date "2006.04.15"]
[Round "4"]
[White "Halkias,S"]
[Black "Abeln,M"]
[Result "1-0"]
[WhiteElo "2528"]
[BlackElo "2377"]

1.d4 f5 2.g3 Nf6 3.Bg2 g6 4.Nf3 Bg7 5.c4 O-O 6.O-O d6 7.Nc3 c6 8.Rb1 Qe8
9.d5 Na6 10.b4 Bd7 11.dxc6 bxc6 12.a3 Nc7 13.Bb2 a5 14.b5 Rb8 15.a4 Ne6 16.Nd2 Nc5
17.Ba3 Nb7 18.Qc2 e5 19.Nb3 e4 20.c5 dxc5 21.Nxc5 Nxc5 22.Bxc5 Rf7 23.e3 Ng4
24.bxc6 Bxc6 25.Nb5 Bxb5 26.Rxb5 Ne5 27.Rxb8 Qxb8 28.Qa2 Bf6 29.Rb1 Qa8 30.Bd6 Kg7
31.Bxe5 Bxe5 32.Rb5 Bc7 33.Qb2+ Kh6 34.Qd4 Qc6 35.Rc5 Qe6 36.Qc3 Qd6 37.Bf1 Bd8
38.Rc6 Qb4 39.Qh8 Rd7 40.Qe8 Qe7 41.Qxe7 Bxe7 42.Re6 Bb4 43.g4 fxg4 44.Rxe4 Kg5
45.h3 gxh3 46.Bxh3 Re7 47.Rd4 Kf6 48.Kg2 h5 49.Rc4 Re5 50.Rc6+ Kg7 51.Be6 Rc5
52.Rb6 Rc2 53.Bd5 Rd2 54.Rb7+ Kf6 55.Rb6+ Kg7 56.Be4 Rd6 57.Rb7+ Kf6 58.Rb8 Be1
59.Kf1 Bb4 60.Rb5 Rd1+ 61.Kg2 Rd6 62.Bd5 Kg7 63.f4 Bd2 64.Kf3 h4 65.Rb7+ Kf8
66.Rb8+ Kg7 67.Rb7+ Kf8 68.Be4 Kg8 69.Rb1 Bc3 70.Rh1 Bf6 71.Bxg6 Rb6 72.Bd3 Kg7
73.Bb5 Rd6 74.e4 Rd2 75.e5 Bd8 76.Kg4 Rg2+ 77.Kf5 Rf2 78.Ke4 Kg6 79.Rg1+ Kh6
80.Rh1 Kh5 81.f5 Kg4 82.f6 Bc7 83.Rg1+ Kh3 84.Rf1  1-0

[Event "TCh-HUN 2005-6"]
[Site "Hungary HUN"]
[Date "2006.04.23"]
[Round "11"]
[White "Berczes,D"]
[Black "Pavasovic,D"]
[Result "1-0"]
[WhiteElo "2450"]
[BlackElo "2534"]

1.d4 f5 2.g3 Nf6 3.Bg2 g6 4.Nf3 Bg7 5.O-O O-O 6.c4 d6 7.Nc3 c6 8.d5 e5 9.dxe6 Bxe6
10.b3 Na6 11.Bb2 Qe7 12.Ng5 Bd7 13.Qc2 Rad8 14.Rad1 Rfe8 15.e3 Bc8 16.Rfe1 Nc5
17.b4 Ne6 18.Nf3 a6 19.a3 Qf7 20.Na4 Qc7 21.Qb3 Ng4 22.h3 Ne5 23.Nxe5 dxe5
24.c5 Qf7 25.Nb6 Nf8 26.Qxf7+ Kxf7 27.Nc4 Rxd1 28.Rxd1 Kg8 29.f4 exf4 30.Bxg7 Kxg7
31.gxf4 Be6 32.Ne5 Kf6 33.Kf2 Ke7 34.Ke2 Nd7 35.Rd6 Nf6 36.Kd3 Bc8 37.Nc4 Rd8
38.Kd4 Be6 39.Rxd8 Kxd8 40.Na5 Bc8 41.Ke5 Ke7 42.Nc4 Be6 43.Nd6 Bd5 44.Nc8+ Kf7
45.Bf1 Ne4 46.Nd6+ Ke7 47.Nxe4 Bxe4 48.Bc4 Bf3 49.h4 Bd1 50.Bg8 Bf3 51.Be6 Be2
52.Bb3 Bf3 53.Bc4 Bd1 54.Bd3 Bf3 55.Bc2 Bg4 56.e4 fxe4 57.Bxe4 Bh5 58.f5 gxf5
59.Bxf5 h6 60.Bc8 Be2 61.Bxb7 Kd7 62.Kf6 Kc7 63.Bxa6 Bxa6 64.Kg6 Bd3+ 65.Kxh6 Kd7
66.h5 Be2 67.Kg6 Ke7 68.h6  1-0

[Event "2nd Halkidiki Open"]
[Site "Kalithea GRE"]
[Date "2006.04.28"]
[Round "5"]
[White "Grigoriadis,A"]
[Black "Singh,Ri"]
[Result "1-0"]
[WhiteElo "2112"]
[BlackElo "2304"]

1.Nf3 f5 2.d4 Nf6 3.g3 g6 4.Bg2 Bg7 5.O-O O-O 6.c4 d6 7.Nc3 c6 8.Qc2 Qe8
9.Rd1 e5 10.dxe5 dxe5 11.b3 e4 12.Nd4 Nbd7 13.Ba3 Rf7 14.Bd6 Bf8 15.Bxf8 Nxf8
16.b4 g5 17.a4 Re7 18.a5 f4 19.a6 bxa6 20.Ra5 h6 21.Rc5 Bd7 22.Qa4 Qg6 23.Nxc6 Re6
24.Nd5 Qe8 25.Nxf6+ Rxf6 26.b5 f3 27.exf3 exf3 28.Re5 Qh5 29.Bf1 Bh3 30.Bd3 Nd7
31.Re7 Nc5 32.Qc2 Raf8 33.Rxa7 Kh8 34.Ne5 Bf5 35.Bxf5 Rxf5  1-0

[Event "RC SPORT Open"]
[Site "Usti nad Orlici CZE"]
[Date "2006.05.05"]
[Round "8"]
[White "Trojan,L"]
[Black "Pekar,V"]
[Result "1/2-1/2"]
[WhiteElo "2062"]
[BlackElo "1897"]

1.d4 f5 2.g3 Nf6 3.Bg2 g6 4.Nf3 Bg7 5.c4 O-O 6.O-O d6 7.b3 h6 8.Bb2 c6 9.Nc3 Qe8
10.d5 c5 11.Qc2 g5 12.Rae1 Qh5 13.Nb5 Na6 14.a3 f4 15.Nd2 Bh3 16.Bxh3 Qxh3
17.Bxf6 Rxf6 18.Qe4 Qd7 19.Qd3 Nc7 20.Nxc7 Qxc7 21.g4 Qd7 22.h3 h5 23.Qf3 hxg4
24.Qxg4 Qxg4+ 25.hxg4 Rh6 26.Nf3 Bf6 27.Kg2 Kg7 28.Rh1 a6 29.Rxh6 Kxh6 30.Rb1 Rb8
31.b4 Rc8 32.b5 axb5 33.Rxb5 Ra8 34.Rb3 Ra4 35.Nd2 Kg6 36.Kf3 Ra7 37.Ke4 Ra4
38.Kd3 Bd4 39.e3 fxe3 40.fxe3 Bf6 41.Nf3 b5 42.Nd2 b4 43.Nb1 Be5  1/2-1/2

[Event "4th TCh-SCG"]
[Site "Vrnjacka Banja SCG"]
[Date "2006.05.06"]
[Round "6"]
[White "Subasic,D"]
[Black "Cobic,V"]
[Result "0-1"]
[WhiteElo "2351"]
[BlackElo "2327"]

1.d4 f5 2.g3 g6 3.Nf3 Bg7 4.Bg2 Nf6 5.O-O O-O 6.c4 d6 7.Nc3 Qe8 8.Nd5 Na6
9.Re1 Ne4 10.Ng5 c6 11.Nxe4 fxe4 12.Ne3 Qf7 13.Rf1 Qf6 14.Nc2 Bf5 15.Bd2 Qe6
16.b3 Bh3 17.Be3 Bxg2 18.Kxg2 Rf5 19.Rh1 d5 20.cxd5 Rxd5 21.b4 Nc7 22.a4 Qd7
23.Qd2 e5 24.Rad1 Ne6  0-1

[Event "1st Open"]
[Site "d'Angers FRA"]
[Date "2006.05.08"]
[Round "5"]
[White "Bailet,P"]
[Black "Jaulin,P"]
[Result "0-1"]
[WhiteElo "2003"]
[BlackElo "2178"]

1.d4 f5 2.c4 Nf6 3.g3 g6 4.Bg2 Bg7 5.Nf3 O-O 6.O-O d6 7.Nc3 Qe8 8.d5 a5 9.e4 fxe4
10.Ng5 Bg4 11.Qe1 Na6 12.Ngxe4 Nb4 13.Qd2 Qc8 14.a3 Na6 15.Re1 Nxe4 16.Nxe4 Qf5
17.f4 Qc8 18.Qf2 e5 19.dxe6 Bxe6 20.Nxd6 cxd6 21.Rxe6 Nc5 22.Rxd6 Nb3 23.Be3 Nxa1
24.c5 a4 25.Bd4 Qc7 26.Bd5+ Kh8 27.Be6 Rad8 28.Qd2 Qe7 29.Bxg7+ Kxg7 30.Qd4+ Qf6
31.Qxf6+ Kxf6  0-1

[Event "1st Magistral Espirito Sancto"]
[Site "Vitoria BRA"]
[Date "2006.05.17"]
[Round "3"]
[White "Molina,Rob"]
[Black "Rodriguez,And URU"]
[Result "1/2-1/2"]
[WhiteElo "2307"]
[BlackElo "2502"]

1.d4 f5 2.Nf3 Nf6 3.g3 g6 4.Bg2 Bg7 5.O-O O-O 6.c4 d6 7.Nc3 Nc6 8.d5 Na5
9.Qd3 c5 10.b3 a6 11.Bb2 Rb8 12.Nd2 Bd7 13.a4 Ng4 14.Qc2 g5 15.Nd1 Bxb2 16.Nxb2 e5
17.dxe6 Bxe6 18.Qc3 Nc6 19.Bxc6 bxc6 20.f3 Ne5 21.Nd3 Qf6 22.Nxe5 dxe5 23.Rad1 Rf7
24.Rfe1 h5 25.Qe3 Rd8 26.Nf1 Rd4 27.Qc3 g4 28.f4 Qd8 29.Rd2 Rxd2 30.Qxd2 Qxd2
31.Nxd2 Rd7 32.Nf1 exf4 33.gxf4 Rd4 34.e3 Rd3 35.Rb1 Rc3 36.Kf2 Rc2+ 37.Ke1 Kf7
38.Nd2 h4 39.Ke2 Rc3 40.Nf1 Rc2+ 41.Nd2 Kg6 42.Kd3 Ra2 43.Rg1 Kh5 44.Rh1 Bf7
45.Kc3 Kg6 46.Rg1 Kf6 47.Kd3 Bh5 48.Kc3 Ke6 49.Rh1 Kd7 50.Rg1 Kc7 51.Rh1 Kb6
52.Rg1 Ka5 53.Rh1 Be8 54.Re1 Bh5 55.Rh1 Kb6 56.Kd3 Kb7 57.Kc3 Kc7 58.Kd3 Kb6
59.Kc3 Ka5 60.Rg1 g3 61.hxg3 h3 62.Rh1 Bg4 63.Rf1 Kb6 64.Rh1 Kc7 65.Kd3 Kb6
66.Kc3 Ka5 67.Rf1 Be2 68.Rh1 Bg4 69.Rf1 Be2  1/2-1/2

[Event "3rd All-China Games"]
[Site "Suzhou CHN"]
[Date "2006.05.25"]
[Round "10"]
[White "Lin Weiguo"]
[Black "Gong Qianyun"]
[Result "1/2-1/2"]
[WhiteElo "2448"]
[BlackElo "2355"]

1.Nf3 f5 2.d4 Nf6 3.g3 g6 4.Bg2 Bg7 5.O-O O-O 6.c4 d6 7.Nc3 Qe8 8.d5 c6 9.Nd4 e5
10.dxe6 Bxe6 11.Nxe6 Qxe6 12.Bf4 Qxc4 13.Qxd6 Na6 14.Rfd1 Rfe8 15.Rac1 Qf7
16.Qa3 Bf8 17.Bd6 Nc7 18.Bxf8 Rxf8 19.Qb4 Ne6 20.e3 Rae8 21.Rc2 Ng5 22.Rcd2 Nge4
23.Nxe4 fxe4 24.Bf1 Kh8 25.Bc4 Qg7 26.Qc3 Ng4 27.Qxg7+ Kxg7 28.Rd7+ Kh6 29.Rxb7 Nxf2
30.Rdd7 Kg5 31.Rxh7 Ng4 32.Rxa7 Nxe3 33.Be2 Rd8 34.Ra5+ Kf6 35.Rh4 Rfe8 36.Rf4+ Kg7
37.Ra7+ Kh6 38.Kf2 Nf5 39.Ra4 Nd4 40.Rc4 e3+ 41.Ke1 Nxe2 42.Rh4+ Kg7 43.Kxe2 Rd2+
44.Ke1 Rxb2 45.Rhe4 Rxe4 46.Rxe4 Rxa2 47.h4 Ra3 48.Rc4 e2 49.g4 Re3 50.Rxc6 Re4  1/2-1/2

[Event "21st Schachtage"]
[Site "Hassloch GER"]
[Date "2006.06.06"]
[Round "7"]
[White "Pitic,J"]
[Black "Grabarczyk,B"]
[Result "0-1"]
[WhiteElo "2203"]
[BlackElo "2475"]

1.d4 f5 2.Nf3 Nf6 3.g3 g6 4.Bg2 Bg7 5.O-O O-O 6.c4 d6 7.Nc3 Nc6 8.d5 Na5
9.Qd3 c5 10.Bf4 Ne4 11.Bd2 Nxd2 12.Nxd2 a6 13.a4 Bd7 14.e3 Rb8 15.Rfe1 Qb6
16.Qc2 Qc7 17.Bf1 b6 18.f4 e5 19.Nf3 Rbe8 20.Rad1 Qd8 21.h4 Qf6 22.Qh2 h6
23.Qc2 e4 24.Nd2 g5 25.hxg5 hxg5 26.Re2 Kf7 27.Ndb1 gxf4 28.gxf4 Nxc4 29.b3 Na5
30.Rh2 Rh8 31.Rdd2 Bc8 32.Qd1 Reg8 33.Rxh8 Rxh8 34.Rh2 Qg6+ 35.Rg2 Qh5 36.Bc4 Bf6
37.Kf2 Nxc4 38.bxc4 Qh3 39.Qg1 Bd7 40.Ke2 Qh1 41.Qf1 Qxf1+ 42.Kxf1 Rh1+ 43.Rg1 Rh3
44.Kf2 Bh4+ 45.Ke2 Rh2+ 46.Kd1 Bf2  0-1

[Event "Open A"]
[Site "Voronezh RUS"]
[Date "2006.06.13"]
[Round "2"]
[White "Bratus,P"]
[Black "Nikuljshin,K"]
[Result "0-1"]
[WhiteElo "2230"]
[BlackElo "2331"]

1.d4 f5 2.Nf3 Nf6 3.g3 g6 4.Bg2 Bg7 5.O-O O-O 6.c4 d6 7.Nc3 Qe8 8.Qc2 Na6
9.b3 c6 10.Bb2 h6 11.Rfe1 Qf7 12.e3 g5 13.Qe2 Qh5 14.Nd2 Nb4 15.Rad1 Qxe2
16.Rxe2 e5 17.dxe5 dxe5 18.Ba3 a5 19.Nf3 e4 20.Ne1 Nd7 21.Bb2 Nc5 22.Ba1 Be6
23.Nc2 Bxc3 24.Bxc3 Nxa2 25.Be5 Nxb3 26.Na3 Nac1 27.Rc2 Nd3 28.Bc7 Nbc5 29.f3 b5
30.fxe4 b4 31.exf5 Bxf5 32.Bxc6 bxa3 33.Bxa8 Rxa8 34.Ra2 a4 35.Rxa3 Kf7 36.Rf1 Ke6
37.Rd1 Ra6  0-1

[Event "III Open"]
[Site "Sanxenxo ESP"]
[Date "2006.06.26"]
[Round "1"]
[White "Frois,A"]
[Black "Brandao,A"]
[Result "1-0"]
[WhiteElo "2356"]
[BlackElo "1923"]

1.d4 f5 2.g3 g6 3.Bg2 Nf6 4.Nf3 Bg7 5.O-O O-O 6.c4 d6 7.Nc3 e6 8.Re1 c6 9.e4 d5
10.exf5 exf5 11.Qb3 Ne4 12.cxd5 Nxc3 13.dxc6+ Qd5 14.bxc3 Qxb3 15.axb3 bxc6
16.Ba3 Rf6 17.Re8+  1-0

[Event "TESPO GM"]
[Site "Brno CZE"]
[Date "2006.07.02"]
[Round "4"]
[White "Bernasek,J"]
[Black "Kadziolka,B"]
[Result "1/2-1/2"]
[WhiteElo "2452"]
[BlackElo "2359"]

1.d4 f5 2.c4 Nf6 3.g3 g6 4.Bg2 Bg7 5.Nf3 O-O 6.O-O d6 7.Nc3 Qe8 8.d5 a5 9.Re1 Na6
10.e4 fxe4 11.Ng5 Nc5 12.Ngxe4 Nfxe4 13.Nxe4 Qf7 14.f4 Nxe4 15.Bxe4 e5 16.dxe6 Bxe6
17.Bxb7 Rab8 18.Rxe6 Rxb7 19.Re4 Bxb2 20.Bxb2 Rxb2 21.Qd4 Qf6 22.Qd5+ Rf7
23.Qxa5 Rxh2 24.Kxh2 Qxa1 25.Qd2 c5 26.Re2 Rc7 27.f5 Qf6 28.fxg6 hxg6  1/2-1/2

[Event "56th ch-RUS w Top League"]
[Site "Orel RUS"]
[Date "2006.07.03"]
[Round "5"]
[White "Bezgodova Filichkina,S"]
[Black "Lomako,A"]
[Result "1-0"]
[WhiteElo "2243"]
[BlackElo "2304"]

1.Nf3 f5 2.g3 Nf6 3.Bg2 g6 4.d4 Bg7 5.c4 O-O 6.O-O d6 7.Nc3 Qe8 8.d5 a5 9.Nd4 Na6
10.Bg5 Qf7 11.Ne6 Bxe6 12.dxe6 Qxe6 13.Bxf6 Qxf6 14.Bxb7 Ra7 15.Bd5+ e6 16.Nb5 exd5
17.Qxd5+ Kh8 18.Nxa7 Qxb2 19.Rab1 Qxa2 20.Qc6 Nc5 21.Qxc7 Qxe2 22.Rb8 Ne4
23.Rxf8+ Bxf8 24.Qf7 Bh6 25.Nc6 Qb2 26.Qe8+ Kg7 27.Qe7+ Kg8 28.Qe6+ Kg7 29.Qd7+ Kh8
30.Nd8 Bf8 31.Qe8 Qf6 32.Ne6 Kg8 33.Rb1 Qe7 34.Qc8 Nc5 35.Nxf8 Qxf8 36.Qc7 Qf7
37.Rb8+ Kg7 38.Qxd6 Ne4 39.Qd4+ Kh6 40.Ra8 Qe7 41.Qe3+ g5 42.Ra6+ Kh5 43.Qf3+ g4
44.Qxf5+ Ng5 45.h4  1-0

[Event "XXIX Open"]
[Site "Barbera del Valles ESP"]
[Date "2006.07.13"]
[Round "9"]
[White "Chalmeta Ugas,J"]
[Black "Martinez Balaguer,J"]
[Result "1-0"]
[WhiteElo "2096"]
[BlackElo "1938"]

1.d4 f5 2.g3 Nf6 3.Bg2 g6 4.Nf3 Bg7 5.O-O O-O 6.c4 d6 7.b3 Nc6 8.Bb2 Ne4
9.Nc3 Nxc3 10.Bxc3 e5 11.dxe5 dxe5 12.Qxd8 Rxd8 13.Rfd1 Nd4 14.Nxd4 exd4
15.Rd3 c5 16.Rad1 Re8 17.Bd2 Rxe2 18.Kf1 Re4 19.Bf4 Re8 20.Bd6 Bf8 21.Bc7 Re7
22.Bf4 Be6 23.Rc1 Rc8 24.Bd5 Bxd5 25.cxd5 Ree8 26.b4 b6 27.Ra3 a5 28.bxa5 c4
29.d6 b5 30.a6 c3 31.Rb3 Ra8 32.Rxb5 Rxa6 33.d7 Rd8 34.Rd5 Ra7 35.Rxd4 Bg7
36.Rd5 Raxd7 37.Rxd7 Rxd7 38.Rc2 Rd1+ 39.Ke2 Rb1 40.Bd6 Kf7 41.a3 Ke6 42.Bb4 Ra1
43.Bxc3 Bxc3 44.Rxc3 h6 45.h4 Kf6 46.Rc6+ Kg7 47.Ra6 g5 48.hxg5 hxg5 49.Ke3 Re1+
50.Kf3 Ra1 51.g4 fxg4+ 52.Kxg4 Rg1+ 53.Kf3 Ra1 54.a4 Ra3+ 55.Kg2 Ra2 56.a5 Ra3
57.Ra7+ Kg6 58.Ra8 Kg7 59.a6 Ra2 60.Kf3 Ra5 61.Ke4 Ra4+ 62.Kf5 Rf4+ 63.Kxg5 Rxf2
64.Kg4 Ra2 65.Kf3 Kf6 66.Ke3 Ke5 67.a7 Ra3+ 68.Kd2  1-0

[Event "3rd ACT"]
[Site "Amsterdam NED"]
[Date "2006.07.16"]
[Round "2"]
[White "Bensdorp,M"]
[Black "Nijboer,F"]
[Result "1/2-1/2"]
[WhiteElo "2290"]
[BlackElo "2598"]

1.d4 f5 2.g3 Nf6 3.Bg2 g6 4.Nf3 Bg7 5.c4 O-O 6.O-O d6 7.Nc3 c6 8.d5 e5 9.dxe6 Bxe6
10.b3 Na6 11.Bb2 Qe7 12.Ng5 Bd7 13.Qc2 Rad8 14.Rad1 Bc8 15.Rfe1 h6 16.Nf3 Ng4
17.e3 Qf7 18.h3 Nf6 19.Nd4 Rfe8 20.Ba3 Nc7 21.Re2 d5 22.cxd5 Ncxd5 23.Nxd5 Nxd5
24.Red2 Nf6 25.Ne2 Rxd2 26.Rxd2 Ne4 27.Rd1 Qf6 28.Bb4 Qe5 29.Nf4 Kh7 30.Nd3 Qf6
31.Nc5 Ng5 32.h4 Ne6 33.Nxe6 Bxe6 34.Bc5 a6 35.Bd4 Qf7 36.Bxg7 Kxg7 37.Qc3+ Qf6
38.Qb4 Qe7 39.Qb6 Rf8 40.Rd4 Kh7 41.Rd2 h5 42.Bf3 Rc8 43.Kg2 Rc7 44.b4 Rd7
45.Rxd7 Qxd7 46.a4 Kg8 47.a5 Bd5  1/2-1/2